A funtineli boszorkany (Înregistrare nr. 29)

Detalii MARC
000 -LEADER
fixed length control field 00307nam a2200145 a 4500
005 - DATE AND TIME OF LATEST TRANSACTION
control field 20260702181356.0
020 ## - INTERNATIONAL STANDARD BOOK NUMBER
International Standard Book Number 9789632101234
041 0# - LANGUAGE CODE
Language code of text/sound track or separate title hun
100 1# - MAIN ENTRY--PERSONAL NAME
Personal name Wass, Albert
245 10 - TITLE STATEMENT
Title A funtineli boszorkany
260 ## - PUBLICATION, DISTRIBUTION, ETC.
Place of publication, distribution, etc. Budapest
Name of publisher, distributor, etc. Krater
Date of publication, distribution, etc. 2018
300 ## - PHYSICAL DESCRIPTION
Extent 368 p.
650 #0 - SUBJECT ADDED ENTRY--TOPICAL TERM
Topical term or geographic name entry element Roman maghiar
942 ## - ADDED ENTRY ELEMENTS (KOHA)
Koha item type Carte
Exemplare
Withdrawn status Lost status Damaged status Not for loan Home library Current library Date acquired Total checkouts Barcode Date last seen Price effective from Koha item type
        Biblioteca Comunală Lăzarea Biblioteca Comunală Lăzarea 07/02/2026   ARTABHR0329 07/02/2026 07/02/2026 Carte
        Biblioteca Județeană Kájoni János Biblioteca Județeană Kájoni János 07/02/2026   ARTABJHR29 07/02/2026 07/02/2026 Carte